Personnages de Gossip Girl par images (Click Quiz) - Statistiques

Statistiques générales
  • Ce quiz a été pris 190 fois
  • Le résultat moyen est 22 sur 25
Statistiques - réponses
Hint Réponse % Correct
Chuck Bass
98%
Serena Van Der Woodsen
97%
Daniel Humphrey
96%
Rufus Humphrey
96%
Vanessa Abrams
96%
Jennifer Humphrey
95%
Eric Van Der Woodsen
95%
Eleanor Waldorf
95%
Blair Waldorf
95%
Nathaniel Archibald
95%
Lily Van Der Woodsen
94%
Georgina Sparks
94%
Bart Bass
93%
Nelly Yuki
93%
Dorota Kishlovsky
92%
Penelope Shafai
89%
Howard Archibald
87%
Ivy Dickens
84%
Juliet Sharp
84%
Carter Baizen
83%
Raina Thorpe
81%
William van der Woodsen
80%
Ben Donovan
74%
Scott Rosson
72%
Tripp van der Bilt
69%
Aucun quiz correspondant
Distribution des résultats
% des personnes avec chaque résultat
Percentile par nombre de réponses
Votre historique - résultats
Vous n’avez pas pris ce quiz